000 01048naa a22002657a 4500
001 BR8803778
003 BR-BrBNA
005 20240918180152.0
007 ta
008 230509b bl.||||| |||| 00| 0 por d
040 _aBR-BrBNA
_bpor
_cBiblioteca Nacional de Agricultura
041 _a(Pt)
072 _aE10
090 _aE10 BR8803778
100 1 _aBrandt, S.A.
111 1 _a25. Congresso Brasileiro de Economia e Sociologia Rural
_cSao Luis, MA (Brazil)
_d26-31 Jul 1987
245 1 _aProblemas e politicas de abastecimento alimentar
260 3 _aBrasilia, DF (Brasil):
_c1987.
500 _aAnais do 25. Congresso Brasileiro de Economia e Sociologia Rural, v. 2 - Temas da atualidade Brasilia, DF (Brasil): 1987. p. 33-42 (BR8803778-AM)E10
650 _aPOLITICA ECONOMICA
650 _aABASTECIMENTO
773 0 _tAnais do 25. Congresso Brasileiro de Economia e Sociologia Rural, v. 2 - Temas da atualidade
_wE10 BR8803778
_gBrasilia, DF (Brasil), 1987. p. 33-42
909 _a202404
_bLucia
_c55
_dLucia Elande
942 _cAM
_2AGRIS
999 _c319363
_d319363